[Event "New York op"]
[Site "New York"]
[Date "1998.03.20"]
[Round "7"]
[White "Chernin, Alexander"]
[Black "Tischbierek, Raj"]
[Result "1-0"]
[WhiteElo "2645"]
[BlackElo "2525"]
[Annotator "Lutz,C"]
[PlyCount "149"]
[EventDate "1998.03.16"]
[EventType "swiss"]
[EventRounds "9"]
[EventCountry "USA"]
[SourceTitle "CBM 064"]
[Source "ChessBase"]
[SourceDate "1998.06.02"]
[SourceVersion "1"]
[SourceVersionDate "1998.06.02"]
[SourceQuality "1"]

1. c4 {Hecht} e6 2. Nc3 d5 3. d4 c6 4. e3 Nf6 5. Nf3 Nbd7 6. Bd3 (6. Qc2 Bd6 7.
Bd3 O-O 8. O-O dxc4 9. Bxc4 Qe7 10. a3 e5 11. h3 Bb8 {ist eine Variante, die
von Chernin als Nachziehendem häufig angewandt wird. In der vorliegenden
Partie hat Schwarz eine wesentlich ungünstigere Version davon.}) 6... Bb4 $6 {
Das System 6...Bb4 war nie besonders populär. Schwarz verliert durch das
Manöver ...Bb4-a5-c7 Zeit (im Vergleich zu ...Bd6-c7, s.Anm. zum 6.Zug von
Weiß).} (6... dxc4 $142) 7. Qc2 O-O 8. O-O Re8 9. a3 Ba5 10. Bd2 dxc4 11. Bxc4
Bc7 12. Ba2 h6 13. Rad1 e5 14. e4 Nh5 15. Bc1 exd4 16. Nxd4 Qh4 17. f4 {
Wenn Weiß f2-f4 ziehen kann, ohne daß Schwarz Gegenspiel hat, ist es
gewöhnlich schlecht um den Nachziehenden bestellt. Man vergleiche als
Gegenstück die Partie Gurevich,M-Minasian,A (New York op 1998), in der Schwarz
das Feld f4 unter Kontrolle bekam.} Nf8 (17... Nxf4 $2 18. g3 Nh3+ 19. Kg2 $18
{[%csl Rf7][%cal Ya2f7,Yf1f7] /\ Bf7}) 18. Be3 Bb6 19. Na4 Bg4 20. Nxb6 $1 axb6
(20... Bxd1 21. Qxd1 axb6 22. Nf5 $18) 21. Nf3 $16 Qe7 22. Ne5 Be6 23. Bb1 Qc7
24. Qf2 c5 25. Qh4 Nf6 26. Bd2 Bb3 27. Rde1 Ne6 28. Rf3 Rad8 29. Bc3 Bd1 30.
Rfe3 b5 31. Bd3 b4 32. axb4 cxb4 33. Bxb4 Bc2 34. Bb5 Qb6 35. Bxe8 Rxe8 36. Bc3
Nxe4 37. Kh1 Nxc3 38. bxc3 Bf5 39. Nf3 $2 (39. Qh5 g6 40. Qxh6 $18 {/\ g4, Rh3}
) 39... Ra8 40. Qg3 Ra4 41. Nh4 Rxf4 42. Nxf5 Rxf5 43. Rf3 Rd5 44. Qb8+ Rd8 45.
Qe5 Rd7 46. h3 Qc6 47. Qf5 Qc7 48. Rd3 Rxd3 49. Qxd3 {[#] Hecht:  Manoeuvering;
combined play against the pawn weakness on b7 and the king's wing. Black wears
down at some point, relaxes, and falls to a mating attack.  A rewarding area
for analysts with a lot of time, patience and grit. We give a Medal for the
board-encompassing strategy, even if Black could have defended himself better.
[#] Hecht:  Lavieren; kombiniertes Spiel gegen die Bauernschwäche b7 und den
Königsflügel. Schwarz wird irgendwann mürbe, lockert sich und geht im
Mattangriff unter. Dankbares Gebiet für Analytiker mit viel Zeit, Geduld und
Spucke. Es ist eine Medaille fällig für die brettumfassende Strategie, selbst
wenn eine bessere schwarze Verteidigung möglich gewesen wäre.} Qc6 50. Qe3 Qd5
51. Rb1 Qc6 52. Qe5 Nc5 53. Re1 Ne6 54. Rd1 Qb6 55. Ra1 Qd8 56. Rb1 Qc8 57. Rf1
Qd7 58. Ra1 Qc8 59. Kh2 Nc5 60. c4 Nd3 61. Qd4 Qc7+ 62. Kg1 Nc5 63. Qd5 Qe7 64.
Kh1 b6 65. Qf5 Qd8 66. Re1 Ne6 67. Qd5 Qc7 68. Qa8+ Kh7 69. Qe4+ g6 (69... Kg8
{Hecht} 70. Ra1 Qd6 71. Ra8+ Nf8 72. Re8 {[%cal Ye4d5,Yd5d8] dient der
Königssicherung und bereitet den Damenschwenk via d5 nach d8 vor.}) 70. Rf1 Kg7
71. Qf3 Ng5 (71... Qe7 {Hecht} 72. Qc6 {[%csl Rb6]} Qc5 73. Qd7 Qf8 74. Qb7)
72. Qf6+ Kg8 73. Ra1 Qb7 (73... Ne6 {Hecht} 74. Ra8+ Nf8 75. Qd8 Qc5 76. Rc8
Qb4 77. Kh2 h5 78. Qf6 {[%cal Yc4c5,Yf6d6,Gd6g3,Rd6f8,Rc8f8] mit der
entscheidenden Drohung c5, was die Verteidigungslinie der schwarzen Dame
unterbricht, um Dd6 folgen zu lassen, was f8 erobert, ohne schwarze
Dauerschachversuche zuzulassen.}) 74. Qd8+ Kg7 75. Ra8 1-0

[Event "New York op"]
[Site "New York"]
[Date "1998.03.21"]
[Round "8"]
[White "Bareev, Evgeny"]
[Black "Serper, Grigory"]
[Result "1-0"]
[WhiteElo "2675"]
[BlackElo "2540"]
[Annotator "Lutz,C"]
[PlyCount "73"]
[EventDate "1998.03.16"]
[EventType "swiss"]
[EventRounds "9"]
[EventCountry "USA"]
[SourceTitle "CBM 064"]
[Source "ChessBase"]
[SourceDate "1998.06.02"]
[SourceVersion "1"]
[SourceVersionDate "1998.06.02"]
[SourceQuality "1"]

1. d4 d5 2. c4 c6 3. Nf3 Nf6 4. Nc3 e6 5. e3 Nbd7 6. Qc2 Bd6 7. Bd3 O-O 8. O-O
dxc4 9. Bxc4 Qe7 10. h3 c5 11. dxc5 Bxc5 12. e4 Bd6 13. Nb5 Bb8 $2 {Bereits
ein großer Fehler. Wie Timman in zwei Partien gezeigt hat, muß Schwarz 13...
Ne5 spielen.} (13... Ne5 $142 {0-1 Sokolov,I-Timman,J/NLD-ch plof 1996/CBM 56/
[Lutz] (45)}) 14. b3 $16 a6 (14... b6 15. e5 $1 Nd5 16. Ba3 Nc5 17. Bxd5 exd5
18. Rac1 $16 {1-0 Uhlmann,W-Schlosser,P/Baden Baden-B 1992/CBM 33/[Ftacnik] 
(61)}) 15. Ba3 Nc5 16. Nbd4 Ba7 17. e5 Nh5 18. Rac1 Bd7 (18... Nf4 19. Bxa6
bxa6 20. Bxc5 Bxc5 21. Qxc5 Qxc5 22. Rxc5 $16) 19. Bd3 Rfc8 20. Bxh7+ Kh8 21.
Be4 Rab8 22. Qe2 f5 23. Bb1 b5 24. Qd2 Ne4 25. Bxe4 Qxa3 26. Bc6 Bxc6 27. Nxc6
Ng3 28. Nxb8 Rxc1 29. Rxc1 Qxc1+ 30. Qxc1 Ne2+ 31. Kf1 Nxc1 32. Nxa6 Nxa2 33.
Ng5 Nc1 34. Nxe6 Nxb3 35. Nec7 Nd2+ 36. Ke2 Ne4 37. e6 1-0

[Event "Nussloch"]
[Site "Nussloch"]
[Date "1996.??.??"]
[Round "11"]
[White "Jussupow, Artur"]
[Black "Dreev, Alexey"]
[Result "1/2-1/2"]
[WhiteElo "2655"]
[BlackElo "2670"]
[Annotator "Lutz,C"]
[PlyCount "27"]
[EventDate "1996.??.??"]
[EventType "tourn"]
[EventRounds "11"]
[EventCountry "GER"]
[EventCategory "15"]
[SourceTitle "CBM 053"]
[Source "ChessBase"]
[SourceDate "1996.08.01"]
[SourceVersion "1"]
[SourceVersionDate "1996.08.01"]
[SourceQuality "1"]

1. d4 d5 2. c4 c6 3. Nc3 Nf6 4. e3 e6 5. b3 {Jusspows Patent.} (5. Nf3 Nbd7 6.
b3 Bb4 $1 {Zwingt den Läufer auf das ungünstige Feld d2, da 7.Bd2? nicht
möglich ist:} 7. Bb2 $2 (7. Bd2 $10) 7... Ne4 8. Qc2 Qa5 9. Rc1 Qxa2) 5... Nbd7
$6 {Hier sollte 5...Bb4 oder 5...c5 der kritische Zug sein:} (5... Bb4 6. Bb2
c5 (6... Ne4 7. Qc2 Qa5 8. Nge2 $1) 7. dxc5 Ne4 8. Qc2 d4 9. exd4 Qxd4 10. Rc1
Nd7 11. Nf3 Bxc3+ 12. Bxc3 Qxc3+ 13. Qxc3 Nxc3 14. Rxc3 Nxc5 15. b4 Ne4 16. Re3
Nf6 17. Be2 Ke7 18. O-O Rd8 19. h3 Bd7 $10 {1/2-1/2 Yusupov,A-Kramnik,V/
Novgorod (05) ;CBM 48 1995 (45)}) (5... c5 6. Bb2 cxd4 7. exd4 Bb4 (7... Be7 $5
) 8. a3 Bxc3+ 9. Bxc3 dxc4 10. bxc4 Ne4 11. Rc1 Nxc3 12. Rxc3 Qa5 (12... O-O $5
13. Nf3 b6) 13. Qd2 O-O 14. Nf3 Rd8 15. Bd3 Nd7 16. O-O b6 17. Re1 Bb7 18. Ne5
$36 {1-0 Yusupov,A-Beliavsky,A/Madrid (05) ;CBM 47 1995 (43)}) 6. Bb2 Bd6 7.
Nf3 O-O 8. Bd3 e5 9. cxd5 cxd5 10. dxe5 Nxe5 11. Be2 Nxf3+ 12. Bxf3 Be5 13. O-O
Be6 14. Na4 $14 {Weiß hat vielleicht etwas Vorteil, aber Jusspow konnte sich
durch ein Remis den geteilten Turniersieg sichern.} 1/2-1/2

[Event "Chalapathi GM"]
[Site "Guntur"]
[Date "2000.04.13"]
[Round "11"]
[White "Prakash, GB."]
[Black "Barua, Dibyendu"]
[Result "0-1"]
[WhiteElo "2435"]
[BlackElo "2555"]
[Annotator "Lutz,C"]
[PlyCount "74"]
[EventDate "2000.04.03"]
[EventType "tourn"]
[EventRounds "13"]
[EventCountry "IND"]
[EventCategory "10"]
[SourceTitle "CBM 077"]
[Source "ChessBase"]
[SourceDate "2000.07.27"]
[SourceVersion "1"]
[SourceVersionDate "2000.07.27"]
[SourceQuality "1"]

1. d4 d5 2. c4 e6 3. Nf3 Nf6 4. Nc3 c6 5. e3 Nbd7 6. Qc2 Bd6 7. Bd3 O-O 8. O-O
dxc4 9. Bxc4 Qe7 10. Bd2 e5 $6 {Mit 10.Bd2 hat Weiß den Aufbau mit ...e6-e5
bereits antizipiert. Besser ist es daher, auf 10...a6 nebst ...c6-c5
umzuschalten.} (10... a6 $5 11. h3 c5 12. a4 b6 13. dxc5 Bxc5 14. e4 Bd6 15.
Rae1 Ne5 16. Nxe5 Bxe5 17. Be3 Bb7 18. Bd3 Bc7 19. f4 e5 20. f5 Rfd8 21. Rd1 h6
22. Bf2 Rd7 23. Qe2 Rad8 24. Bh4 Bd6 25. Bxa6 Bc5+ 26. Kh1 Rxd1 27. Nxd1 Bxa6
28. Qxa6 Rd2 29. Nc3 Qd6 30. Bxf6 Qxf6 31. Rd1 Qh4 32. Qf1 Rxb2 33. Nd5 Qxe4
34. Qf3 Qxf3 35. gxf3 Ra2 36. f6 Rxa4 37. Ne7+ Kh7 38. Rd7 gxf6 {0-1 Fridman,
D-Korneev,O/Ubeda 1997/CBM 56 ext (38)}) 11. Bb3 e4 ({Zu} 11... Bb8 {siehe die
Partie Shariyazdanov,A-Sasikiran,K aus dem gleichen Turnier.}) 12. Ng5 Bxh2+
13. Kxh2 Ng4+ 14. Kg1 Qxg5 15. Qxe4 Nb6 $5 {Schwarz versucht eine seltenere
Variante, aber Weiß hat durch seine Mehrheit im Zentrum Vorteil.} (15... Ndf6 {
wurde häufiger gespielt, ist aber unbefriedigend für Schwarz.} 16. Qf4 Qh4 (
16... Qxf4 17. exf4 $14 {führt zu einem etwas besseren Endspiel für Weiß.}) 17.
f3 g5 18. Qd6 Ne8 19. Qxf8+ Kxf8 20. fxg4 $1 $16 {Sakaevs Damenopfer führt zu
deutlichem weißen Vorteil.} f6 (20... Nd6 21. Rf6 Ke7 22. Raf1 Bxg4 23. Be1 $2
(23. Rxd6 $3 $18) 23... Qxe1 24. Rxf7+ Nxf7 25. Rxe1 Nd6 26. e4 b5 27. e5 Nc4
28. d5 Bd7 29. a4 a6 30. Bxc4 bxc4 31. Rf1 Rb8 32. Rf6 cxd5 33. Nxd5+ Ke8 34.
Rxa6 Bf5 35. g4 Bg6 36. e6 Rd8 37. Ra5 Bc2 38. Kf2 Bb3 39. e7 Rc8 40. Ra7 Kf7
41. a5 Bc2 42. Rd7 Ba4 43. Rd8 Rc5 44. a6 Ra5 45. Rf8+ Ke6 46. Rf5 Kd6 47. Nc3
Rxf5+ 48. gxf5 Bc6 49. f6 {1-0 Marin,M-Dumitrache,D/Bucuresti 1998/CBM 69/
[Lutz] (49)}) 21. Ne4 Kg7 22. Bd1 Be6 23. Be1 Qh6 24. Bc3 Qg6 25. Ng3 Qd3 26.
Kh2 Rd8 27. Be2 Qg6 28. e4 Kg8 29. Rf2 Nd6 30. d5 Qh6+ 31. Kg1 Qh4 32. dxe6
Qxg3 33. Rd1 Kf8 34. Rd3 {1-0 Sakaev,K-Kobalija,M/St.Petersburg 1997/CBM 62/
[Baburin] (34)}) 16. Ne2 Nf6 17. Qf4 Qg6 18. Rad1 $6 {Weiß sollte konsequent
an der Mobilisierung seiner Zentralmehrheit arbeiten.} (18. Ng3 $1 Nbd5 19. Qh4
Re8 20. e4 Nb6 21. f3 Be6 22. Bc2 Nfd7 23. Nh5 $16 Bc4 24. Rfe1 f6 25. b3 Be6
26. Nf4 Qh6 27. Qxh6 gxh6 28. Nxe6 Rxe6 29. Bxh6 f5 30. Bd2 fxe4 31. fxe4 Nf8
32. a4 Rd8 33. Bc3 Rg6 34. Re3 Ne6 35. Rd1 Nf4 36. Rd2 Rd7 37. Rf3 Rg4 38. a5
Nc8 39. b4 Ne7 40. Bb3+ Kg7 41. d5+ Kh6 42. Rdf2 Nh5 43. Rd2 Ng6 44. Bc2 {
1-0 Ibragimov,I-Burmakin,V/Krasnodar 1998/EXT 2000 (44)}) 18... a5 19. Qg3 Bf5
20. Qxg6 hxg6 21. Rc1 Bd3 22. Rfe1 Ne4 23. Bc2 Bxc2 24. Rxc2 Nd5 {Der
Läufertausch kam Schwarz zugute. Allerdings hat Weiß immer noch eine gute
Stellung.} 25. Nc1 Rfe8 26. Nd3 f6 27. Re2 $2 {Weiß denkt, er hätte alle Zeit
der Welt.} (27. Bc1 {würde 28.f3 nebst e3-e4 drohen. Es erscheint mir, dass
Weiß dann besser steht.} Nb4 $5 28. Nxb4 axb4 29. f3 Ng5 30. b3 $14 {Der Pb4
ist schwächer als der Pa2.}) 27... g5 28. Be1 g4 {Jetzt ist es für Weiß sehr
schwierig, f2-f3 durchzusetzen. Schwarz hat bereits die Initiative übernommen.}
29. a4 Kf7 30. b3 Ng5 $5 {Schwarz bereitet einen taktischen Trick vor ...} (
30... Re7 $15) 31. Rc5 Nf3+ $2 {... und das ist es ! Leider gibt es kleinen
Schönheitsfehler: Das genial anmutende Opfer ist nicht korrekt ! Mit
Springerrückzügen nach e6 oder e4 hätte Schwarz die Vorzüge seiner Stellung
gewahrt, aber Schach ist eben auch ein Glücksspiel und Barua setzt auf Risiko.}
(31... Ne4 $5 32. Rxa5 $6 Nec3) (31... Ne6 $5 32. Rxa5 $2 Rxa5 33. Bxa5 Nxd4)
32. gxf3 gxf3 33. Rec2 $2 {Weiß ist so beeindruckt von dem schwarzen Opfer,
dass er sofort zusammenbricht.} (33. Rxd5 $1 {hätte dem Schwarzen einige
Schweissperlen auf die Stirn getrieben.} cxd5 (33... fxe2 34. Rd7+ $16) 34. Rc2
{Schwarz kommt nicht mehr dazu, die h-Linie mit beiden Türmen zu besetzen, da
Weiß mit Tc7+ dazwischenfunken kann.} Re4 (34... Rac8 35. Rxc8 Rxc8 36. Kh2 $16
) (34... g5 35. Kh2 $16) 35. Nf4 g5 $5 {Der einzige Versuch, etwas Gegenspiel
zu starten, andernfalls holt sich der weiße König den Bf3 ab.} (35... Rh8 36.
Rc7+ $16) 36. Rc7+ Kf8 37. Nxd5 Rg4+ 38. Kh2 (38. Kf1 Rh4 39. Kg1 Rg4+ {
bringt Weiß nicht weiter.}) 38... f5 39. Rxb7 {, und obwohl die Stellung noch
nicht ganz klar ist, behält Weiß Vorteil, z.B.} Ra6 40. Nb6 Rg2+ 41. Kh1 g4 42.
d5 $16) 33... Re4 $19 {Jetzt ist es vorbei.} 34. Bxa5 (34. Rxd5 Rg4+ 35. Kf1
Rh8 {nebst Matt auf h1, was Weiß nur noch durch einige sinnlose Schachs
verindern kann.}) 34... Rh8 $1 (34... Rg4+ $4 35. Kf1 Rh8 36. Ke1 {, und der
weiße König entwischt.}) 35. Nf4 (35. Bc7 Reh4 $19) 35... Nxf4 36. exf4 Rxf4
37. Bc7 Rfh4 0-1

[Event "Nussloch"]
[Site "Nussloch"]
[Date "1996.??.??"]
[Round "6"]
[White "Sokolov, Ivan"]
[Black "Piket, Jeroen"]
[Result "1-0"]
[WhiteElo "2665"]
[BlackElo "2570"]
[Annotator "Lutz,C"]
[PlyCount "125"]
[EventDate "1996.??.??"]
[EventType "tourn"]
[EventRounds "11"]
[EventCountry "GER"]
[EventCategory "15"]
[SourceTitle "CBM 053"]
[Source "ChessBase"]
[SourceDate "1996.08.01"]
[SourceVersion "1"]
[SourceVersionDate "1996.08.01"]
[SourceQuality "1"]

1. d4 {Hecht} d5 2. c4 c6 3. Nc3 Nf6 4. e3 e6 5. Nf3 Nbd7 6. Qc2 Bd6 7. Bd3 O-O
8. O-O e5 9. cxd5 cxd5 10. e4 exd4 11. Nxd5 Nxd5 12. exd5 h6 13. Nxd4 Qh4 14.
Nf3 (14. f4 Nf6 15. Nb5 Rd8 16. Nxd6 Rxd6 17. Bd2 Rxd5 18. Be1 Qh5 19. Bc3 Bf5
20. Bxf5 Qxf5 21. Qxf5 Rxf5 22. Rad1 Nd5 23. Bd2 Rc8 $10 {1/2-1/2 Sokolov,
I-Morovic Fernandez,I/Leon (07) ;CBM 48 1995 (48)}) 14... Qh5 15. Bh7+ Kh8 16.
Qf5 $1 {Weiß erzwingt auf ungewöhnliche Weise Damentausch.} Qxf5 (16... g5 17.
Be3 Ne5 18. Qf6+ Kxh7 19. Nxe5) 17. Bxf5 Nf6 18. Bc2 $1 $14 {Dank dieser
Neuerung behält Weiß etwas Vorteil im Endspiel.} (18. Bxc8 Rfxc8 19. Rd1 Rc5
20. Be3 Rxd5 21. Rxd5 Nxd5 22. Rd1 Nxe3 23. Rxd6 Ng4 24. h3 Nf6 25. Ne5 Kg8 26.
g4 Rc8 27. Kg2 Kf8 $10 {1/2-1/2 Rohde,M-Ramayrat,C/USA-op (03) ;EXT 87op 1987 
(52)}) 18... Bg4 {Schwarz verzichtet auf den Rückgewinn des Bauern, um eine
Blockadestellung aufzubauen.} (18... Nxd5 19. Rd1 Nb4 (19... Be6 $2 20. Bb3)
20. Bb3 Bc7 (20... Be7 21. Ne5 Kg8 22. Ng6) (20... Bc5 21. Ne5 Kg8 22. Nd7) 21.
Be3 $36 {/\ Bc5}) 19. Bb3 Bxf3 20. gxf3 Nh5 21. Be3 Nf4 22. Rfd1 Rfd8 23. Bc4
Kg8 24. a4 Ng6 25. Rac1 Nh4 26. f4 Nf5 27. Bd2 Rac8 28. Bd3 Ne7 29. Be4 Rxc1
30. Rxc1 Rc8 31. Rxc8+ Nxc8 {Hecht: [#] LL mit schlechten und blockierten
Bauern, Öffnung der Stellung mit B-Opfer Zug 44 zwecks Aktivierung aller
Figuren} 32. Be3 Bb4 33. f5 Be7 34. Kf1 Kf8 35. Ke2 f6 36. Kd3 Bd6 37. h3 Ke7
38. Kc4 Bc7 39. b4 Nd6+ 40. Kd3 b6 41. Kd4 Kd8 42. Bd3 Ke7 43. Bd2 $14 Nf7 $2 {
Es ist nicht zu sehen, wie Weiß weiterkommt, wenn der schwarze Springer auf d6
bleibt. Nun bringt Weiß ein schönes Beispiel zum Thema "Feldfeger".} (43... Kd7
$14 {Hecht}) 44. d6+ $1 $16 Kxd6 (44... Nxd6 45. Kd5 Kd7 {[%csl Rf5]} 46. Ba6
$5 Nxf5 47. Bb5+ {mit K-Einbruch über e6/c6 - Gewinn? - Analyse!}) 45. f4 Nd8
46. Kc4 Nc6 47. Be4 Nb8 48. Kb5 Bd8 49. Be3 Bc7 50. Bb7 Bd8 51. a5 Kc7 52. Bf3
a6+ 53. Kc4 bxa5 54. bxa5 Kd7 55. Bb6 Be7 56. Bd1 Bd6 57. Ba4+ Kc8 58. Be3 Bc7
59. Bd2 Nd7 60. Kd5 Kd8 61. h4 Ke7 62. Bb4+ Kd8 63. Ke6 1-0

[Event "Cutro 05th"]
[Site "Cutro"]
[Date "1999.04.30"]
[Round "9"]
[White "Krasenkow, Michal"]
[Black "Efimov, Igor"]
[Result "1-0"]
[WhiteElo "2643"]
[BlackElo "2494"]
[Annotator "Lutz,C"]
[PlyCount "57"]
[EventDate "1999.04.??"]
[EventType "tourn"]
[EventRounds "11"]
[EventCountry "ITA"]
[EventCategory "10"]
[SourceTitle "CBM 071"]
[Source "ChessBase"]
[SourceDate "1999.08.01"]
[SourceVersion "1"]
[SourceVersionDate "1999.08.01"]
[SourceQuality "1"]

1. d4 d5 2. c4 c6 3. Nc3 e6 4. e3 Nd7 5. Nf3 Ngf6 6. Bd3 b6 7. O-O Bb7 8. b3
Be7 9. Bb2 O-O 10. Qe2 Rc8 11. Rad1 Qc7 12. Ne5 {[%csl Rf7,Rg7,Rh7][%cal Yf2f4,
Yf1f3,Yf3h3,Yd3h7,Yb2g7,Ye5f7,Yh3h7] Der weiße Aufbau sieht harmlos aus, aber
in Verbindung mit f2-f4 und Rf3-h3 kann sich schnell ein Angriff entwickeln.
Vielleicht sollte Schwarz diese Variante vermeiden.} Nxe5 (12... Rfd8 13. f4 c5
14. cxd5 Bxd5 15. Nxd5 exd5 16. Bf5 c4 17. bxc4 dxc4 18. Rc1 b5 19. e4 Qb6 20.
Kh1 Rc7 21. d5 Nb8 22. Rf3 Bf8 23. Rg3 g6 24. Nxg6 hxg6 25. Bxg6 fxg6 26. Rxg6+
Rg7 27. Rxf6 Qc7 28. Qh5 Rh7 29. Rg6+ Bg7 30. Qg5 Rd6 31. Be5 Rxg6 32. Qxg6 Qf7
33. Qxf7+ Kxf7 34. Bxb8 Bd4 35. e5 c3 36. f5 b4 37. g4 Be3 38. Rc2 a5 39. d6 a4
40. e6+ Ke8 41. a3 {1-0 Atalik,S-Anastasian,A/Panormo 1998/CBM 67 ext (41)})
13. dxe5 Nd7 14. f4 g6 $2 (14... Nc5 15. Bb1 dxc4 16. bxc4 Rcd8 17. Rd4 a6 18.
h4 b5 19. h5 b4 20. Nd1 Nd7 21. Qg4 c5 22. Rd6 f5 23. exf6 Nxf6 24. Qxe6+ Kh8
25. Rxd8 Qxd8 26. Nf2 Bc8 27. Qc6 Nxh5 28. Qh6 {1-0 Pinter,J-De Francesco,K/
Bayern 1995/EXT 99 (28)}) (14... f5 $5 15. exf6 Bxf6 16. Qh5 h6 17. g4 (17. Qg6
$5) 17... d4 18. Ne4 dxe3 19. Nxf6+ Nxf6 20. Bxf6 Rxf6 21. Qe5 {1/2-1/2
Szilagyi,G-Fichtl,J/Stary Smokovec 1973/MCD (21)}) (14... Rfd8 15. Rf3 Nf8 16.
Rh3 f5 17. exf6 Bxf6 18. cxd5 exd5 19. Qc2 h6 20. Bf5 Ra8 21. Nxd5 Rxd5 22.
Bxf6 Rxd1+ 23. Qxd1 Qf7 24. Rxh6 Bc8 25. Bxc8 gxh6 26. Qg4+ Kh7 27. Bd4 Qg8 28.
Bf5+ Ng6 29. h4 c5 30. Be5 {1-0 Landau,S-Feigin,M/Kemeri 1937/HCL (30)}) 15. g4
a6 {Das schwarze Gegenspiel am Damenflügel ist viel zu langsam.} 16. h4 $16 b5
17. h5 Rfd8 18. hxg6 fxg6 19. Qc2 Bc5 20. Bxg6 $18 Bxe3+ 21. Kh2 Nf8 22. Bh5 b4
23. Ne2 c5 24. cxd5 exd5 25. Rf3 d4 26. Rxe3 dxe3 27. Qc4+ Kg7 28. e6+ Kh6 29.
Ng3 1-0

[Event "Cutro 05th"]
[Site "Cutro"]
[Date "1999.04.28"]
[Round "7"]
[White "Epishin, Vladimir"]
[Black "Skembris, Spyridon"]
[Result "1-0"]
[WhiteElo "2578"]
[BlackElo "2445"]
[Annotator "Lutz,C"]
[PlyCount "61"]
[EventDate "1999.04.??"]
[EventType "tourn"]
[EventRounds "11"]
[EventCountry "ITA"]
[EventCategory "10"]
[SourceTitle "CBM 071"]
[Source "ChessBase"]
[SourceDate "1999.08.01"]
[SourceVersion "1"]
[SourceVersionDate "1999.08.01"]
[SourceQuality "1"]

1. d4 d5 2. c4 c6 3. Nc3 Nf6 4. e3 e6 5. Nf3 Nbd7 6. Qc2 Bd6 7. Bd3 O-O 8. O-O
dxc4 9. Bxc4 Qe7 10. h3 e5 11. a3 Bb8 {Chernins Spezialvariante.} 12. Ba2 h6
13. Bd2 a5 $2 $146 {Für meine Begriffe sieht dieser Zug wie ein glatter
Tempoverlust aus. 13...Re8 wurde bisher gespielt.} (13... Re8 14. Nh4 (14. e4
exd4 15. Nxd4 Qe5 16. Nf3 Qh5 17. Rae1 Ne5 18. Nh2 Bxh3 19. gxh3 Qxh3 20. f4
Nfg4 21. Bc1 Nxh2 22. Qxh2 Nf3+ 23. Rxf3 Qxf3 24. Rf1 Qg4+ 25. Qg2 Qxg2+ 26.
Kxg2 Bc7 27. Be3 Rad8 28. e5 Rd3 {Epishin,V-Khalifman,A/St.Petersburg 1997/CBM
59/[Lutz]/1/2-1/2 (39)}) 14... Nf8 15. Nf5 (15. dxe5 Qxe5 16. f4 Qc5 17. Rae1
a5 18. Bb1 Ba7 19. Nf3 b5 20. Ne5 Bb7 21. b4 axb4 22. axb4 Qe7 23. Ba2 Ne6 24.
Nxf7 Qxf7 25. f5 Bc8 26. Rf3 Kh8 27. Ref1 Nd4 28. exd4 Bxd4+ 29. Kh1 Qh5 30.
Bb3 Bd7 31. Qd3 Be5 32. Ne2 c5 33. bxc5 Bc6 34. Nf4 Bxf4 35. Rxf4 Rad8 36. Qg3
Rxd2 37. Rh4 Rxg2 {0-1 Grivas,E-Atalik,S/Karditsa 1994/CBM 43 (37)}) 15... Bxf5
16. Qxf5 Qc7 17. f4 exd4 18. exd4 Qd7 19. Qxd7 N8xd7 20. g4 Nb6 21. g5 hxg5 22.
fxg5 Nfd5 23. Rf3 Bd6 24. Raf1 Re7 25. h4 g6 26. Kg2 Rae8 27. Kh3 Rd7 28. a4 {
Shariyazdanov,A-Korneev,O/Elista 1996/CBM 56/[Lutz]/1-0 (38)}) 14. Rae1 Re8 15.
e4 exd4 16. Nxd4 Qe5 17. Nf3 Qh5 18. Nh2 $16 {Weiß hat praktisch ein Tempo
mehr gegenüber der Partie Epishin-Khalifman. Die Mehr heit am Königsflügel
setzt sich in Bewegung - eine Folge von 13... a5?.} Ne5 19. f4 Ba7+ 20. Be3
Bxe3+ 21. Rxe3 Ng6 22. e5 Nf8 23. Qf2 N6h7 24. Ne4 Ng6 25. f5 $18 Bxf5 (25...
Nxe5 26. g4 $18) 26. Qxf5 Qxf5 27. Rxf5 Re7 28. Nd6 Ng5 29. Nf3 Nxf3+ 30. gxf3
Rf8 31. Re4 1-0